<?xml version="1.0" encoding="UTF-8"?>
<record
    xmlns:xsi="http://www.w3.org/2001/XMLSchema-instance"
    xsi:schemaLocation="http://www.loc.gov/MARC21/slim http://www.loc.gov/standards/marcxml/schema/MARC21slim.xsd"
    xmlns="http://www.loc.gov/MARC21/slim">

  <leader>00780nam a2200277 u 4500</leader>
  <controlfield tag="001">39251</controlfield>
  <controlfield tag="005">20260504072151.0</controlfield>
  <controlfield tag="008">960313s1982                        spa  </controlfield>
  <datafield tag="020" ind1=" " ind2=" ">
    <subfield code="a">0827016905</subfield>
  </datafield>
  <datafield tag="035" ind1=" " ind2=" ">
    <subfield code="a">39251</subfield>
  </datafield>
  <datafield tag="035" ind1=" " ind2=" ">
    <subfield code="a">(OCoLC)778092278</subfield>
  </datafield>
  <datafield tag="040" ind1=" " ind2=" ">
    <subfield code="c">comduadb</subfield>
  </datafield>
  <datafield tag="041" ind1=" " ind2=" ">
    <subfield code="a">spa</subfield>
  </datafield>
  <datafield tag="080" ind1=" " ind2=" ">
    <subfield code="a">QH</subfield>
  </datafield>
  <datafield tag="082" ind1=" " ind2="4">
    <subfield code="a">574</subfield>
  </datafield>
  <datafield tag="100" ind1="1" ind2="0">
    <subfield code="a">Lugo, Ariel E.</subfield>
    <subfield code="4">aut</subfield>
    <subfield code="e">aut</subfield>
    <subfield code="9">250929</subfield>
  </datafield>
  <datafield tag="245" ind1="1" ind2="0">
    <subfield code="a">Sistemas ecologicos y la humanidad</subfield>
  </datafield>
  <datafield tag="250" ind1=" " ind2=" ">
    <subfield code="a">1ed.</subfield>
  </datafield>
  <datafield tag="260" ind1=" " ind2=" ">
    <subfield code="a">Estados Unidos :</subfield>
    <subfield code="b">OEA (Organizacion de los Estados Americanos), Secretaria General,</subfield>
    <subfield code="c">1982.</subfield>
  </datafield>
  <datafield tag="300" ind1=" " ind2=" ">
    <subfield code="a">82p. il.</subfield>
  </datafield>
  <datafield tag="490" ind1="0" ind2=" ">
    <subfield code="a">Serie de Biolog&#xED;a Monograf&#xED;a</subfield>
  </datafield>
  <datafield tag="650" ind1=" " ind2=" ">
    <subfield code="a">Ecosistemas</subfield>
    <subfield code="9">29383</subfield>
  </datafield>
  <datafield tag="650" ind1=" " ind2=" ">
    <subfield code="a">Ciclos biogeoqu&#xED;micos</subfield>
    <subfield code="9">13875</subfield>
  </datafield>
  <datafield tag="700" ind1="1" ind2="0">
    <subfield code="a">Morris, Gregory L.</subfield>
    <subfield code="4">aut</subfield>
    <subfield code="e">aut</subfield>
    <subfield code="9">480879</subfield>
  </datafield>
  <datafield tag="942" ind1=" " ind2=" ">
    <subfield code="c">BOOK</subfield>
  </datafield>
  <datafield tag="999" ind1=" " ind2=" ">
    <subfield code="c">32912</subfield>
    <subfield code="d">32912</subfield>
  </datafield>
  <datafield tag="952" ind1=" " ind2=" ">
    <subfield code="0">0</subfield>
    <subfield code="1">0</subfield>
    <subfield code="4">0</subfield>
    <subfield code="7">0</subfield>
    <subfield code="8">GENERAL</subfield>
    <subfield code="a">BR</subfield>
    <subfield code="b">BR</subfield>
    <subfield code="d">1998-03-16</subfield>
    <subfield code="i">C229048</subfield>
    <subfield code="l">0</subfield>
    <subfield code="o">QH541 L8s</subfield>
    <subfield code="p">61000000402319</subfield>
    <subfield code="r">2023-04-20 00:00:00</subfield>
    <subfield code="t">4</subfield>
    <subfield code="w">2023-04-20</subfield>
    <subfield code="y">BOOK</subfield>
  </datafield>
  <datafield tag="952" ind1=" " ind2=" ">
    <subfield code="0">0</subfield>
    <subfield code="1">0</subfield>
    <subfield code="4">0</subfield>
    <subfield code="7">0</subfield>
    <subfield code="8">SEMIACTIV2</subfield>
    <subfield code="a">BSP</subfield>
    <subfield code="b">BSP</subfield>
    <subfield code="d">2000-09-13</subfield>
    <subfield code="i">C652988</subfield>
    <subfield code="l">0</subfield>
    <subfield code="o">QH541 L8-82</subfield>
    <subfield code="p">61000002316061</subfield>
    <subfield code="r">2023-04-20 00:00:00</subfield>
    <subfield code="t">5</subfield>
    <subfield code="w">2023-04-20</subfield>
    <subfield code="y">BOOK</subfield>
  </datafield>
  <datafield tag="952" ind1=" " ind2=" ">
    <subfield code="0">0</subfield>
    <subfield code="1">0</subfield>
    <subfield code="4">0</subfield>
    <subfield code="7">0</subfield>
    <subfield code="8">GENERAL</subfield>
    <subfield code="a">SCDM</subfield>
    <subfield code="b">SCDM</subfield>
    <subfield code="d">2011-08-03</subfield>
    <subfield code="i">C1122822</subfield>
    <subfield code="l">0</subfield>
    <subfield code="o">574 L951</subfield>
    <subfield code="p">0754582</subfield>
    <subfield code="r">2023-04-20 00:00:00</subfield>
    <subfield code="t">6</subfield>
    <subfield code="w">2023-04-20</subfield>
    <subfield code="y">BOOK</subfield>
  </datafield>
</record>
